Statistics for 2023-24 Eredivisie Football Clubs

Click here to take the quiz!

General Stats

  • This quiz has been taken 19 times
  • The average score is 13 of 18

Answer Stats

Football Clubs% Correct
Ajax
95%
Feyenoord
95%
PSV
95%
AZ
84%
Utrecht
84%
Sparta Rotterdam
74%
Twente
74%
Vitesse
74%
Volendam
74%
Almere City
68%
Excelsior
63%
NEC
63%
Fortuna Sittard
58%
Go Ahead Eagles
58%
Heracles Almelo
53%
RKC Waalwijk
53%
PEC Zwolle
47%
SC Heerenveen
42%

Score Distribution

Percentile by Number Answered

Percent of People with Each Score

Your Score History

You have not taken this quiz